Responses for show #6032 - Tuesday, November 30, 2010

Contestants

Allie Hagan, an education policy consultant from Washington, D.C.

Tom Zamojcin, a digital marketing manager from Phoenixville, Pennsylvania

Charlie Penrod, an assistant professor of law from Natchitoches, Louisiana (whose 1-day cash winnings total $17,000)

Jeopardy! Round responses

NAME THAT COUNTRY
SONGS ON TV SHOWS
"G"ROCERIES
DOWN ON THE FARM
MASSACHUSETTS STATE SYMBOLS
PEACEFUL, EASY FEELING
    $200 1
Norway

Allie
    $200 2
Happy Days

Tom
    $200 7
graham crackers

Allie
    $200 15
pasture

Allie
    $200 21
Plymouth Rock

Charlie
    $200 26
Armistice Day

Allie
    $400 3
Portugal

Charlie
    $400 8
Buffy the Vampire Slayer

Allie
    $400 12
garlic

Allie
    $400 14
a stud farm

Triple Stumper
    $400 22
cranberry juice

Tom
    $400 27
(Tom: What is peace and tranquility?)

tranquility

CharlieTom
    $1,000 4
Somalia

Charlie
    $600 9
Phoebe

Allie
    $600 13
Gorgonzola

Tom
    $600 18
(Tom: What is Virginia?)

the College of William & Mary

Tom
Triple Stumper
    $600 23
Johnny Appleseed

Tom
    $600 28
truce

Triple Stumper
    $800 5
(Charlie: What is Guatemala?)

Honduras

Charlie
Triple Stumper
    $800 10
Saturday Night Live

Allie
    $800 16
gingerbread

Tom
    $800 19
a Christmas tree farm

Tom
    $800 24
Arlo Guthrie

Tom
    $800 29
Calm

Tom
    $1000 6
Madagascar

Tom
    $1000 11
Ally McBeal

Allie
    $1000 17
Gala

Allie
    $1000 20
pig farm

Triple Stumper
    $1000 25
Norman Rockwell

Tom
    $1000 30
composed

Triple Stumper

Scores at the first commercial break (after clue 15):

Charlie Tom Allie
$600 $1,800 $3,800

Scores at the end of the Jeopardy! Round:

Charlie Tom Allie
$1,200 $6,000 $5,000

Double Jeopardy! Round responses

OPERA
CELEBRITY AUTHORS
"P.G."
WOOD HOUSE
THE 1800s
NEWS FROM THE EQUATOR
    $400 1
Wagner

Allie
    $400 2
(William) Shatner

Tom
    $400 3
the pearly gates

Allie
    $400 20
Paul Revere

Allie
    $400 12
Napoleon

Charlie
    $400 22
0

Triple Stumper
    $800 7
Cinderella

Allie
    $800 4
Madonna

Allie
    $800 6
a perfect game

Charlie
    $1,000 26
Frontierland

Tom
    $800 13
a corset

Tom
    $800 23
Neptune

Charlie
    $1200 8
Hoffmann

Charlie
    $1200 5
Seinfeld

Tom
    $1200 14
the Postmaster General

Charlie
    $1200 27
teak

Triple Stumper
    $1200 15
(Charlie: What is Los Angeles?)

Chicago

CharlieTom
    $1200 24
the vernal and autumnal equinoxes

Allie
    $1600 9
Fidelio

Allie
    $1600 11
(Howie) Mandel

Charlie
    $1600 18
a peer group

Tom
    $1600 28
a row house

Allie
    $2,000 16
(Tom: What are the Tobacco Wars?)

the Opium Wars

Tom
    $1600 25
payload

Tom
    $2000 10
Norma

Triple Stumper
    $2000 21
(Hugh) Laurie

Charlie
    $2000 19
a pocket gopher

Triple Stumper
    $2000 29
Istanbul

Triple Stumper
    $2000 17
the Greenback Party

Triple Stumper
    $2000 30
the Coriolis effect

Triple Stumper

Scores at the end of the Double Jeopardy! Round:

Charlie Tom Allie
$8,000 $11,800 $12,200

[wagering suggestions for these scores]

Final Jeopardy! Round responses

SPORTS
CharlieWho is the Toronto Maple Leafs
$8,000
TomWho are the Toronto Maple Leafs?
$11,000
AllieWho are the Toronto Blue Jays?
$11,401
Toronto Maple Leafs

Final scores:

Charlie Tom Allie
$16,000 $22,800 $799
2nd place: $2,000 New champion: $22,800 3rd place: $1,000

Game dynamics:

Coryat scores:

Charlie Tom Allie
$7,600 $13,600 $12,200
11 R
(including 1 DD),
2 W
17 R
(including 1 DD),
3 W
(including 1 DD)
18 R,
0 W

Combined Coryat: $33,400

The J! Archive is created by fans, for fans. The Jeopardy! game show and all elements thereof, including but not limited to copyright and trademark thereto, are the property of Jeopardy Productions, Inc. and are protected under law. This website is not affiliated with, sponsored by, or operated by Jeopardy Productions, Inc. Join the discussion at JBoard.tv.